000 00380nam a22001457a 4500
999 _c15627
_d15627
003 OSt
008 190522b ||||| |||| 00| 0 eng d
020 _a978938764274
082 _a664.02
_bORO/FO
100 _aOrolugbagbe, Gboyega.
_94112
245 _aFood Processing and Preservation Technology
260 _aNew Delhi
_bAgri Horti Press
_c2018
300 _a276 p.
942 _cBK